000 00743nam a22002657a 4500
001 BR7909157
003 BR-BrBNA
005 20230928090440.0
007 ta
008 230509b bl.||||| |||| 00| 0 por d
040 _aBR-BrBNA
_bpor
_cBiblioteca Nacional de Agricultura
041 _a(Por)
072 _aL00
_b6700
090 _ 6700 BR7909157
100 1 _aMonteiro, A.R.
110 1 _aUniversidade Federal de Vicosa, MG (Brasil). Depto. de Biologia Animal
_910976
245 1 _aGuia pratico de taxidermia (aves)
_bno. 13
260 3 _aVicosa, MG (Brasil):
_c1979.
300 _a32 p.
500 _a16 illus.; 5 ref.
650 _aTAXIDERMIA
650 _aAVE ORNAMENTAL
909 _a202309
_bLucia
_c55
_dLucia Elande
942 _cBK
999 _c28878
_d28878